00369nam a2200133Ia 4500008004100000041000800041082001300049100004000062245007400102250000600176260003300182300001100215650000900226210716s1983 xx 000 0 und d aeng a170 BAYM aBayles, Michael D; Henley, Kenneth. aRight conduct: theories and applications.bTheories and applications. a2 aNew YorkbRandom Housec1983 axi,408 aNone